| 000 | 00877nam a2200241Ia 4500 | ||
|---|---|---|---|
| 001 | 14162 | ||
| 003 | GE_BSU | ||
| 008 | 181216s||||||||xx |||||||||||||| ||und|| | ||
| 020 | _a9789941003554 | ||
| 040 | _cGE_BSU | ||
| 080 | _a821.153.1 | ||
| 245 | _aლიტერატურის თეორია (ქსეროასლი) | ||
| 245 | _b20 საუკუნის ძირითადი მეთოდოლოგიური კონცეპციები და მიმდინარეობები | ||
| 245 | _cრედ.თ.დოიაშვილი | ||
| 260 | _aთბილისი | ||
| 260 | _bლიტ. ინს-ტის გამ-ბა | ||
| 260 | _c2008 | ||
| 300 | _a360გვ. | ||
| 300 | _eსაძიებელ. | ||
| 541 | _h11ლ. | ||
| 653 | _aლიტერატურის თეორია | ||
| 942 | _cBK | ||
| 999 |
_c47301 _d47301 |
||